000 00856nam a22003137a 4500
001 BR2016003584
003 BR-BrBNA
005 20230928104946.0
007 ta
008 230509b bl.||||| |||| 00| 0 por d
040 _aBR-BrBNA
_bpor
_cBiblioteca Nacional de Agricultura
041 _a(Por)
072 _aF30
_b0336
_b4120
090 _ 0336 BR2016003584
110 1 _aEMBRAPA Soja, Londrina, PR (Brasil)
245 1 _aCultivares de soja: macrorregiões 4 e 5 Norte e Nordeste do Brasil
250 1 _a1. ed.
260 3 _aLondrina, PR (Brasil):
_c2016.
300 _a56 p.
650 _aVARIEDADE
650 _aSOJA
650 _aÉPOCA DE SEMEADURA
650 _aPOPULAÇÃO DE PLANTA
650 _aMANCHA OLHO DE RÃ
650 _aCANCRO DA HASTE
650 _aNEMATÓIDE
909 _a202309
_bLucia
_c55
_dLucia Elande
942 _cBK
999 _c82646
_d82646